| 000 | 00486nam a2200169Ia 4500 | ||
|---|---|---|---|
| 005 | 20250326125659.0 | ||
| 008 | 250326s9999 xx 000 0 und d | ||
| 037 | _aTextbook | ||
| 040 |
_aFMSL _beng _cFMSL |
||
| 041 |
_aeng _2eng |
||
| 084 |
_aX:8J.56 L3 _qFMSL |
||
| 245 | 0 | _aStatutory audit requirements in the federal republic of Germany | |
| 260 |
_aUnited Kingdom _bUnited Kingdom _c1973 |
||
| 300 | _a66p | ||
| 942 |
_cTB _hX:8J.56 L3 |
||
| 999 |
_c1279092 _d1279092 |
||